[Event "Hastings9192"]
[Site "Hastings"]
[Date "1991.??.??"]
[Round "4"]
[White "Hodgson, Julian M"]
[Black "Agdestein, Simen"]
[Result "1/2-1/2"]
[WhiteElo "2570"]
[BlackElo "2590"]

1.Nf3 d5 2.g3 g6 3.Bg2 Bg7 4.O-O e5 5.c4 c6 6.cxd5 cxd5 7.d3 Ne7 8.Nc3 O-O
9.Bg5 f6 10.Bd2 Be6 11.a4 a5 12.b4 axb4 13.Na2 Nec6 14.Nxb4 Na6 15.Nxc6 bxc6
16.d4 e4 17.Ne1 f5 18.Rc1 Rc8 19.Nc2 c5 20.dxc5 d4 21.e3 d3 22.Nd4 Bxd4 23.exd4 Qxd4
24.Be3 Qd5 25.c6 Rfd8 26.f3 Rxc6 27.fxe4 fxe4 28.Rxc6 Qxc6 29.Qa1 Bf5 30.g4 Bxg4
31.Rf6 d2 32.Rxc6 d1=Q+ 33.Qxd1 Rxd1+ 34.Kf2 Nb4 35.Rc4 Nd3+ 36.Kg3 Re1 37.Bh6 Bf5
38.Rc7 Ne5 39.Rg7+ Kf8 40.Rxh7+ Ke8 41.Bd2 Ra1 42.a5 Ra3+ 43.Kf4 Nd3+ 44.Ke3 Ne1+
45.Kf2 Nxg2 46.Kxg2 Ra2 47.Kg3 Rxd2 48.a6 Ra2 49.a7 Bc8 50.Kf4 Ra4 51.h4 Kd8
52.Rg7 Bd7 53.Rxg6 Rxa7 54.Kxe4 Ra4+ 55.Ke5 Rxh4 56.Kd6 Rd4+ 57.Ke5 Ra4 58.Rd6 Ke7
59.Re6+ Kd8 60.Rd6 Ra1 61.Rh6 Ra5+ 62.Kd4 Ke7 63.Rb6 Be6 64.Rb4 Kf6 65.Ke4 Re5+
66.Kf4 Rh5 67.Rd4 Bd5 68.Kg4 Rg5+ 69.Kf4 Rf5+ 70.Ke3 Ke5 71.Rb4 Rf3+ 72.Kd2 Ra3
73.Rb8 Kd4 74.Rd8 Ra2+ 75.Kd1 Ke4 76.Kc1 Bc4 77.Rd2 Ra8 78.Rd7 Ra2 79.Rd2 Ra6
80.Rd7 Ke3 81.Kc2 Rc6 82.Kb2 Be6 83.Rd8 Ke4 84.Ka3 Rb6 85.Rd2 Bc4 86.Rb2 Ra6+
87.Kb4 Kd4 88.Rd2+ Bd3 89.Rb2 Ra1 90.Kb3 Bc4+ 91.Kc2 Rg1 92.Kd2 Rg3 93.Kc2 Rh3
94.Kd2 Bb3 95.Kc1 Kc4 96.Kd2 Kd4 97.Kc1 Kc3 98.Rc2+ Kb4 99.Rf2 Rd3 100.Rd2 Rc3+
101.Kb2 Bc4 102.Rd8 Rh3 103.Rb8+ Kc5 104.Kc2 Kd4 105.Rd8+ Bd5 106.Kd2 Rh2+
107.Kd1 Kc4 108.Ke1 Ra2  1/2-1/2

[Event "Hastings9192"]
[Site "Hastings"]
[Date "1991.??.??"]
[Round "8"]
[White "Hodgson, Julian M"]
[Black "Shirov, Alexei"]
[Result "1/2-1/2"]
[WhiteElo "2570"]
[BlackElo "2610"]

1.g3 d5 2.Nf3 Bg4 3.Bg2 Nd7 4.O-O e6 5.d3 Bd6 6.Nbd2 Ne7 7.h3 Bh5 8.e4 O-O
9.Qe1 c6 10.e5 Bc7 11.g4 Bg6 12.b3 c5 13.Bb2 Nc6 14.Qe2 Qe7 15.a3 b5 16.c4 bxc4
17.dxc4 Rab8 18.cxd5 exd5 19.Rfe1 c4 20.e6 Nc5 21.exf7+ Qxf7 22.Ng5 Qd7 23.Ne6 Bb6
24.Nxf8 Rxf8 25.Nxc4 dxc4 26.Qxc4+ Kh8 27.Bxc6 Qxc6 28.Re7 Rf6 29.Rae1 h6
30.Bxf6 Qxf6 31.Re8+ Bxe8 32.Rxe8+ Kh7 33.Qc2+ g6 34.Qe2 Kg7 35.Kg2 Nxb3
36.Re7+ Kf8 37.Re6 Qf7 38.Re4 Nd4 39.Qe3 Ne6 40.Qxh6+ Ke8 41.Qd2 Qb7 42.f3 Kf7
43.Qa2 Qc6 44.h4 Bc7 45.Qc4 Qd6 46.f4 Bb8 47.a4 a5 48.g5 Ke7 49.Kg3 Qb6 50.Kf3 Qd6
51.Qb3 Bc7 52.Kg4 Kd7 53.Re5 Nxf4 54.Qb5+ Kc8 55.Re8+ Bd8 56.Qc4+ Kd7 57.Qb5+ Kc8
58.Qc4+ Kd7 59.Qf7+ Kc8 60.Rxd8+ Kxd8 61.Qxf4 Qd1+ 62.Kg3 Qg1+ 63.Kf3 Qf1+  1/2-1/2

[Event "Helsingborg-B"]
[Site "Helsingborg"]
[Date "1991.??.??"]
[Round "?"]
[White "Storaas, Jan Thomas"]
[Black "Solbrand, Stefan"]
[Result "1/2-1/2"]
[WhiteElo "2240"]
[BlackElo "2200"]

1.Nf3 d5 2.g3 Nf6 3.Bg2 e6 4.O-O Bd6 5.d3 O-O 6.Nbd2 e5 7.e4 dxe4 8.Nxe4 Nxe4
9.dxe4 Bg4 10.h3 Bxf3 11.Qxf3 Nc6 12.c3 Qe7 13.Be3 Bc5 14.Rad1 Rad8 15.Rd5 Bxe3
16.Qxe3 b6 17.Rfd1 Rxd5 18.exd5 Nb8 19.c4 Nd7 20.Qd2 Qd6 21.b4 f5 22.a3 e4
23.Qd4 Qe5 24.d6 Qxd4 25.Rxd4 c5 26.Rd5 g6 27.g4 Kg7 28.bxc5 bxc5 29.gxf5 gxf5
30.h4 Kf6 31.Bh3 Ke6 32.Kf1 Ne5 33.Rxc5 Kxd6 34.Rd5+ Ke6 35.Ra5 Nxc4 36.Rxa7 Ke5
37.Rxh7 Nxa3 38.Rc7 Kd6 39.Ra7 Nc4 40.Ke2 f4 41.Rd7+ Kc6 42.Be6 f3+ 43.Ke1 Ne5
44.Rd4 Rf6 45.Bc4 Nxc4 46.Rxc4+ Kd5 47.Rc8 Ra6 48.Kd2 Ra2+ 49.Ke3 Re2+ 50.Kf4  1/2-1/2

[Event "Helsinki op"]
[Site "Helsinki"]
[Date "1991.??.??"]
[Round "?"]
[White "Kekki, Jorma"]
[Black "Engqvist, Thomas"]
[Result "1/2-1/2"]
[WhiteElo "2295"]
[BlackElo "2355"]

1.Nf3 d5 2.g3 c6 3.Bg2 Nf6 4.O-O Bg4 5.c4 e6 6.Qb3 Qb6 7.Qxb6 axb6 8.d3 Nbd7
9.Nbd2 Bb4 10.h3 Bxd2 11.Bxd2 Bxf3 12.Bxf3 dxc4 13.dxc4 Ne5 14.Rfc1 Nxf3+
15.exf3 Nd7 16.Kf1 f6 17.f4 h5 18.Bb4 h4 19.g4 Nc5 20.Rd1 Ke7 21.Rd3 Rhd8
22.Re3 Kf7 23.Bxc5 bxc5 24.Rae1 Rxa2 25.Rxe6 Rxb2 26.Re7+ Kf8 27.f5 Rc8 28.Rd7 Re8
29.Rxe8+ Kxe8 30.Rxg7 Rb4 31.Rc7 Rxc4 32.Rxb7 Rd4 33.Ke2 c4 34.Rc7 Rd6 35.Ra7 Rd3
36.f3 Rb3 37.Ra4 Rb2+ 38.Ke3 Rc2 39.f4 Rc3+ 40.Kf2 Rc2+ 41.Kf3 Rc3+ 42.Kf2 Rxh3
43.Rxc4 Kd7 44.g5 Ra3 45.Rd4+ Kc7 46.gxf6 Ra5 47.Kf3 Rxf5 48.Kg4 Rxf6 49.Kxh4 c5
50.Rc4 Kd6 51.Kg5 Rf8 52.Rc1 Kd5 53.f5 c4 54.f6 Kd4 55.Kg6 c3 56.f7 Kd3 57.Kg7 Rc8  1/2-1/2

[Event "Helsinki"]
[Site "Helsinki"]
[Date "1991.??.??"]
[Round "?"]
[White "Arnason, Jon L"]
[Black "Bellon Lopez, Juan Manuel"]
[Result "1/2-1/2"]
[WhiteElo "2540"]
[BlackElo "2495"]

1.Nf3 d5 2.g3 Bg4 3.Bg2 e6 4.O-O c6 5.b3 Bxf3 6.exf3 Qf6 7.Nc3 Bc5 8.Rb1 Ne7
9.Na4 Bd6 10.d4 Nf5 11.c3 Nd7 12.b4 b5 13.Nc5 Nxc5 14.bxc5 Bc7 15.f4  1/2-1/2

[Event "CUB-ch"]
[Site "Holguin"]
[Date "1991.??.??"]
[Round "1"]
[White "Velez, Nestor"]
[Black "Sariego, Wilfredo"]
[Result "0-1"]
[WhiteElo "2320"]
[BlackElo "2435"]

1.Nf3 d5 2.g3 Nc6 3.Bg2 e5 4.d3 Nf6 5.O-O Be7 6.a3 a5 7.b3 O-O 8.Bb2 d4 9.c4 h6
10.Nbd2 Bf5 11.Qc2 Re8 12.Rad1 Bh7 13.Rfe1 Bf8 14.Ne4 Nd7 15.g4 Bxe4 16.dxe4 Nc5
17.Rf1 Ra6 18.Rb1 d3 19.exd3 Qxd3 20.Qxd3 Nxd3 21.a4 Bc5 22.Bc3 Rb6 23.h3 Rd8
24.Kh2 f6 25.Rfd1 Bxf2 26.Bf1 Ndb4 27.Rxd8+ Nxd8 28.Rd1 Rd6 29.Rxd6 cxd6
30.Kg2 Bc5 31.Nd2 Nbc6 32.Be2 Ne6 33.Bd1 Bb4 34.Nb1 Nc5 35.Bxb4 axb4 36.Nd2 Nd4
37.Kf2 Kf7 38.h4 g6 39.Ke3 f5  0-1

[Event "CUB-ch"]
[Site "Holguin"]
[Date "1991.??.??"]
[Round "7"]
[White "Armas, Jorge"]
[Black "Leyva, Hector"]
[Result "1-0"]
[WhiteElo "2400"]
[BlackElo "2380"]

1.Nf3 d5 2.g3 Nf6 3.Bg2 e6 4.O-O Be7 5.d3 O-O 6.Nbd2 c5 7.e4 Nc6 8.Re1 b6
9.e5 Nd7 10.Nf1 Qc7 11.Bf4 a5 12.h4 Ba6 13.N1h2 Rfe8 14.Bh3 Bf8 15.h5 Rad8
16.Ng4 h6 17.Qd2 Kh7 18.c3 Qa7 19.Rad1 Ne7 20.Nh4 Ng8 21.Qe2 Nb8 22.Nh2 Bc8
23.g4 g5 24.hxg6+ fxg6 25.Bd2 Qe7 26.Ng2 Bg7 27.f4 Nc6 28.Rf1 Rf8 29.Be1 Rf7
30.Bg3 Rdf8 31.Nf3 Qa7 32.f5 gxf5 33.gxf5 exf5 34.Bf4 Nge7 35.Ngh4 Rg8 36.Kh2 Be6
37.Rg1 Qd7 38.Ng5+ hxg5 39.Qh5+ Bh6 40.Rxg5 Rxg5 41.Bxg5 Kg8 42.Bxh6 Nxe5
43.Re1 Ng4+ 44.Bxg4 fxg4 45.Re5 g3+ 46.Kg1 Bf5 47.Qg5+ Kh8 48.Bf8 Bxd3 49.Bxe7 Qh3  1-0

[Event "CUB-ch"]
[Site "Holguin"]
[Date "1991.??.??"]
[Round "9"]
[White "Nogueiras, Jesus"]
[Black "Arencibia, Juan Joel"]
[Result "0-1"]
[WhiteElo "2540"]
[BlackElo "2400"]

1.Nf3 d5 2.g3 c5 3.Bg2 Nc6 4.c4 e6 5.O-O Nf6 6.b3 Be7 7.e3 O-O 8.Bb2 b6 9.Nc3 Bb7
10.cxd5 Nxd5 11.Nxd5 Qxd5 12.d4 Nb4 13.Nh4 Qd7 14.dxc5 Qxd1 15.Rfxd1 Bxg2
16.Kxg2 Bxc5 17.a3 Nd5 18.e4 Nf6 19.Bxf6 gxf6 20.b4 Be7 21.Rd7 Rfe8 22.Rc1 a5
23.Rcc7 axb4 24.axb4 Kf8 25.Rb7 Rab8 26.Rdc7 Rec8 27.Rxc8+ Rxc8 28.Rxb6 Rc4
29.Rb8+ Kg7 30.b5 Rxe4 31.Kf3 Rb4 32.Ng2 Rb3+ 33.Ne3 Bc5 34.h3 f5 35.g4 f4
36.Rc8 Bd6 37.Rc6 Be5 38.Rc5 Bd4  0-1

[Event "HUN-chT"]
[Site "HUN"]
[Date "1991.??.??"]
[Round "?"]
[White "Marosi, Gyorgy"]
[Black "Bagonyai, Attila"]
[Result "0-1"]
[WhiteElo "2340"]
[BlackElo "2255"]

1.Nf3 d5 2.g3 c6 3.Bg2 Nf6 4.c4 dxc4 5.Na3 b5 6.Ne5 Qc7 7.d4 Bb7 8.O-O e6
9.b3 c3 10.Qd3 Nbd7 11.Nc2 Nxe5 12.dxe5 Qxe5 13.Bf4 Qc5 14.Be3 Qd6 15.Qxc3 Nd5
16.Qd3 Be7 17.Bd4 e5 18.Bb2 O-O 19.Rfd1 Qe6 20.Qe4 Bd6 21.Rd2 Rae8 22.Rad1 Bc5
23.b4 Bb6 24.Qh4 Bd8 25.Qh5 f6 26.e4 Nb6 27.Ne3 g6 28.Qh6 Be7 29.Bh3 Qf7
30.a3 Rd8 31.Bg4 Rxd2 32.Rxd2 Bc8 33.Qh3 Bxg4 34.Nxg4 Qc4 35.f3 c5 36.Ne3 Qb3
37.Nd5 Nxd5 38.Qe6+ Rf7 39.exd5 cxb4 40.axb4 Bxb4 41.Qc8+ Rf8 42.Qe6+ Kg7
43.Rf2 Bc5 44.Bxe5 Qe3  0-1

[Event "HUN-chT"]
[Site "HUN"]
[Date "1991.??.??"]
[Round "?"]
[White "Nemeth, Zoltan"]
[Black "Pasztor, Ferenc"]
[Result "1/2-1/2"]
[WhiteElo "2345"]
[BlackElo "2310"]

1.Nf3 d5 2.g3 Nf6 3.Bg2 Nbd7 4.d4 e6 5.b3 Bb4+ 6.Bd2 Bxd2+ 7.Nbxd2 b6 8.O-O Bb7
9.c4 c5 10.cxd5 Bxd5 11.Qc2 cxd4 12.Nxd4 Rc8 13.Qb2 Bxg2 14.Kxg2 O-O 15.Rfd1 Qc7
16.Rac1 Qb7+ 17.Kg1 Rxc1 18.Rxc1 Rc8 19.b4 Rxc1+ 20.Qxc1 h6 21.Nc6 Qa6 22.Qc4 b5
23.Qc2 Qa3 24.Nb1 Qa6 25.a3 Nd5 26.e4 N5f6 27.h3 Qb7 28.Nd2 a6 29.Nf3 Nb8
30.Nxb8 Qxb8 31.Qc6 Qe8 32.Qxa6 Nxe4 33.Nd4 Nc3 34.Qb7 Qd8 35.Nxb5 Qd1+ 36.Kh2 Ne2
37.Qg2 Qa4 38.Qc6 Qd1 39.Qh1 Qa4 40.Qb7 Qd1 41.Qa8+ Kh7 42.Qh1 Qc2 43.Nd6 f5
44.Qa1 Nxg3 45.Kxg3 Qd3+ 46.Kg2 Qd5+ 47.Kg1 Qxd6 48.Qb1 g6 49.a4 f4 50.b5 Qa3
51.Kg2 Qxa4 52.b6 Qc6+ 53.Kg1 Qb7 54.Qb5 f3 55.Qa5 Qe4 56.Qa7+ Kg8 57.b7 Qe1+  1/2-1/2

[Event "HUN-chT"]
[Site "HUN"]
[Date "1991.??.??"]
[Round "?"]
[White "Horvath, Gyula"]
[Black "Kallai, Gabor"]
[Result "1/2-1/2"]
[WhiteElo "2420"]
[BlackElo "2440"]

1.Nf3 d5 2.g3 c6 3.Bg2 Nf6 4.O-O Bg4 5.d3 Nbd7 6.c4 e6 7.Nc3 Be7 8.cxd5 cxd5
9.Bf4 O-O 10.h3 Bxf3 11.Bxf3 Rc8 12.Rc1  1/2-1/2

[Event "HUN-chT"]
[Site "HUN"]
[Date "1991.??.??"]
[Round "?"]
[White "Dely, Peter"]
[Black "Siklosi, Zoltan"]
[Result "1/2-1/2"]
[WhiteElo "2430"]
[BlackElo "2365"]

1.Nf3 d5 2.g3 c6 3.Bg2 Nf6 4.O-O Bg4 5.b3 Nbd7 6.Bb2 e6 7.d3 Be7 8.Nbd2 O-O
9.h3 Bh5 10.e4 a5 11.a4 Qb6 12.Qe2 Qa6 13.e5 Ne8 14.g4 Bg6 15.Nd4 Nxe5 16.Nxe6 fxe6
17.Bxe5 Nf6 18.Rae1 Rae8  1/2-1/2

[Event "Jyvaskyla op"]
[Site "Jyvaskyla"]
[Date "1991.??.??"]
[Round "5"]
[White "Pigusov, Evgeny"]
[Black "Nei, Iivo"]
[Result "1-0"]
[WhiteElo "2535"]
[BlackElo "2415"]

1.Nf3 d5 2.g3 g6 3.Bg2 Bg7 4.d4 c6 5.O-O Nd7 6.Nbd2 Ngf6 7.c4 O-O 8.b3 a5
9.a3 b5 10.a4 bxc4 11.bxc4 Ba6 12.Ba3 Re8 13.Rc1 Rc8 14.Re1 Nb6 15.c5 Nbd7
16.Bb2 Ra8 17.h3 Qc7 18.Bc3 Reb8 19.Qc2 h6 20.e3 Ra7 21.Rb1 Rxb1 22.Rxb1 Ne4
23.Nxe4 dxe4 24.Qxe4 Nxc5 25.dxc5 Bxc3 26.Nd4 Bb7 27.Rb6 Bb4 28.Qc2 e5 29.Nxc6 Bxc6
30.Rxc6 Qe7 31.Rc8+ Kg7 32.c6 Rc7 33.Rb8 Bd6 34.Rb5 Ra7 35.Rd5 Bb8 36.Rb5 Bd6
37.Bd5 h5 38.h4 g5 39.hxg5 Qxg5 40.Qc4 Qg4 41.Qe4 f5 42.Qxg4+ hxg4 43.Be6 Kf6
44.Bc8 Rc7 45.Bd7 Ra7  1-0

[Event "Kecskemet GM"]
[Site "Kecskemet"]
[Date "1991.??.??"]
[Round "4"]
[White "Weindl, Alfred"]
[Black "Palac, Mladen"]
[Result "0-1"]
[WhiteElo "2360"]
[BlackElo "2475"]

1.Nf3 d5 2.g3 Bg4 3.Bg2 Nd7 4.O-O c6 5.d3 e5 6.e4 Bd6 7.Nbd2 Ne7 8.h3 Bh5
9.Qe1 O-O 10.Kh1 f6 11.Nh4 Qc7 12.Nf5 Nxf5 13.exf5 Rfe8 14.g4 Bf7 15.h4 g6
16.Rg1 gxf5 17.gxf5 Kh8 18.Nf1 Rg8 19.Qe2 Qb6 20.c3 Qa6 21.Ng3 e4 22.Bf1 exd3
23.Qxd3 Qb6 24.Be3 Qc7 25.Qe2 Rae8 26.Re1 d4 27.cxd4 Bxg3 28.fxg3 Rxg3 29.Rxg3 Qxg3
30.Bg2 Bd5  0-1

[Event "Kecskemet Szechenyi"]
[Site "Kecskemet"]
[Date "1991.??.??"]
[Round "5"]
[White "Van Wely, Loek"]
[Black "Lukacs, Peter"]
[Result "1/2-1/2"]
[WhiteElo "2475"]
[BlackElo "2500"]

1.Nf3 d5 2.g3 c6 3.Bg2 Nf6 4.O-O Bg4 5.b3 e6 6.Bb2 Nbd7 7.d3 a5 8.a3 Be7
9.e4 O-O 10.Nbd2 b5 11.Qe1 Qb6 12.h3 Bh5 13.Kh1 a4 14.b4 c5 15.exd5 Nxd5
16.c4 N5f6 17.bxc5 Nxc5 18.Ne5 Rac8 19.d4 Nd3 20.Qb1 Nxe5 21.dxe5 Nd7 22.cxb5 Be2
23.Re1 Qxb5 24.Bd4 Nc5 25.Qxb5 Bxb5 26.Kg1 Rfd8 27.Be3 Bd3 28.Bf1 h6 29.Rec1 Bxf1  1/2-1/2

[Event "Kecskemet Szechenyi"]
[Site "Kecskemet"]
[Date "1991.??.??"]
[Round "8"]
[White "Malaniuk, Vladimir P"]
[Black "Lukacs, Peter"]
[Result "1/2-1/2"]
[WhiteElo "2510"]
[BlackElo "2500"]

1.Nf3 d5 2.g3 Nf6 3.Bg2 c6 4.O-O Bg4 5.b3 Nbd7 6.Bb2 e6 7.c4 Bd6 8.d4 O-O
9.Nbd2 Qe7 10.Ne5 Bf5 11.a3 a5 12.Nxd7 Qxd7 13.c5 Be7 14.b4 b5 15.f3 h6 16.Bc3 axb4
17.axb4 Rxa1 18.Qxa1 Qb7 19.Qb2 Ra8 20.Ra1 Rxa1+ 21.Qxa1 Bd8 22.Nf1 Bh7 23.Bd2 Ne8
24.Bf4 g5 25.Bd2 Ng7 26.e4 Ne8 27.exd5 exd5 28.Bh3 Ng7 29.Be3 Bf5 30.Bxf5 Nxf5
31.Bf2 Ng7 32.Nd2  1/2-1/2

[Event "Kecskemet GM"]
[Site "Kecskemet"]
[Date "1991.??.??"]
[Round "8"]
[White "Weindl, Alfred"]
[Black "Ivanov, Oleg"]
[Result "1-0"]
[WhiteElo "2360"]
[BlackElo "2390"]

1.Nf3 d5 2.g3 Nf6 3.Bg2 Bf5 4.c4 c6 5.cxd5 cxd5 6.Qb3 Qb6 7.Qxb6 axb6 8.Nc3 e6
9.O-O Be7 10.d3 h6 11.Bf4 O-O 12.Rfc1 Rc8 13.e4 dxe4 14.dxe4 Bg4 15.e5 Nfd7
16.Nd4 Nc6 17.Nxc6 bxc6 18.h3 Bf5 19.g4 Bg6 20.Ne2 Nc5 21.Nd4 Nd3 22.Nxc6 Bf8
23.Rc4 b5 24.Rd4 Ra6 25.Rd1 Nxb2 26.Rd8 Rcxc6 27.R1d7 Rc4 28.Be3 Rxa2 29.Rb8 Ra1+
30.Kh2 Nd1 31.Rdd8 Kh7 32.Rxf8 Be4 33.h4 Nxe3 34.h5 Nxg4+ 35.Kg3 Ra3+ 36.f3 Rc8
37.Rbxc8  1-0

[Event "Kecskemet GM"]
[Site "Kecskemet"]
[Date "1991.??.??"]
[Round "12"]
[White "Weindl, Alfred"]
[Black "Blatny, Pavel"]
[Result "0-1"]
[WhiteElo "2360"]
[BlackElo "2495"]

1.Nf3 d5 2.g3 e6 3.Bg2 Nd7 4.O-O c5 5.d3 Ngf6 6.Nbd2 b6 7.e4 d4 8.e5 Nd5
9.Ne4 Qc7 10.c4 dxc3 11.bxc3 Bb7 12.c4 Nb4 13.a3 Nc6 14.Bf4 h6 15.Nd6+ Bxd6
16.exd6 Qc8 17.Re1 O-O 18.Qd2 Kh7 19.Re4 Nf6 20.Re2 Rd8 21.h3 Ne8 22.g4 Nxd6
23.g5 Nf5 24.gxh6 gxh6 25.Bxh6 Nxh6 26.Ng5+ Kg6 27.Ne4 f6 28.Qf4 Nf5 29.Qg4+ Kf7
30.Qh5+ Kg7 31.Qg4+ Kf8 32.Nxf6 Kf7 33.Ne4 Rg8 34.Ng5+ Rxg5 35.Qxg5 Qh8 36.Qf4  0-1

[Event "Kemerovo"]
[Site "Kemerovo"]
[Date "1991.??.??"]
[Round "?"]
[White "Shuraev, Andrei"]
[Black "Barsov, Alexei"]
[Result "1/2-1/2"]
[WhiteElo "2360"]
[BlackElo "2425"]

1.Nf3 d5 2.g3 c6 3.Bg2 Bg4 4.c4 e6 5.O-O Bd6 6.d3 Ne7 7.b3 O-O 8.Bb2 Nd7
9.Qd2 e5 10.cxd5 Nxd5 11.Na3 Re8 12.Nc4 Bc7 13.d4 exd4 14.Nxd4 Ne5 15.h3 Bh5
16.Rfd1 f6 17.Qc2 Qe7 18.Nf5 Qe6 19.Rxd5 cxd5 20.Nce3 Qd7 21.Bxd5+ Kh8 22.Bxb7 Rab8
23.Rd1 Qb5 24.Be4 Rbc8 25.Nd4 Qb8 26.Nd5 Bg6 27.Bxg6 Nxg6 28.Qd3 Qb7 29.Nf5 Be5
30.Bc1 Qc6 31.Be3 Red8 32.Bxa7 Rd7 33.f4 Rxa7 34.fxe5 Nxe5 35.Qe3 Rxa2 36.Nb4 Rxe2
37.Nxc6 Rxe3 38.Nce7 Rec3 39.Nxc8 Rxc8 40.b4 g6 41.Ne3 Rb8 42.Nd5 Rd8 43.b5 Nc4
44.Ne3 Rxd1+ 45.Nxd1 Kg7 46.Nc3 Kf7 47.Kf2  1/2-1/2

[Event "Kerteminde"]
[Site "Kerteminde"]
[Date "1991.??.??"]
[Round "7"]
[White "Schandorff, Lars"]
[Black "Hector, Jonny"]
[Result "1/2-1/2"]
[WhiteElo "2425"]
[BlackElo "2465"]

1.Nf3 d5 2.g3 c6 3.Bg2 Bg4 4.c4 e6 5.O-O Bd6 6.b3 Ne7 7.Bb2 Nd7 8.d4 Ng6
9.Nbd2 f5 10.Ne1 Qg5 11.Ndf3 Qh5 12.Nd3 f4 13.e3 fxg3 14.fxg3 O-O 15.Nf4 Qh6
16.Qc2 Bf5 17.Qe2 Nf6 18.Nd2 Rae8 19.a3 Nxf4 20.exf4 Qg6 21.Rfc1 Nh5 22.Qe3 Bg4
23.Rf1 b5 24.cxb5 cxb5 25.Bc3 Rf7 26.Bb4 Bb8 27.Rac1 Rc7 28.Rxc7 Bxc7 29.Rc1 Bb8
30.Nf3 Qf5 31.Ne5 Bh3 32.Bf3 Kh8 33.Be2 a6 34.Qd3 Bxe5 35.fxe5 g6 36.Qxf5 Bxf5
37.Kf2 Ng7 38.g4 Be4 39.h3 h5 40.Rc7 Ra8 41.Be7 Kg8 42.Rc6 Kf7 43.Bf6 Ne8
44.Bg5 hxg4 45.hxg4 Ra7 46.Bd8 Ra8 47.Bg5 Ra7 48.Ke3 Rc7 49.Rxc7+ Nxc7 50.Bd8 Na8
51.Bd3 Bxd3 52.Kxd3 Ke8 53.Ba5 Kd7 54.Ke3 g5 55.Kd3 Ke8 56.Bd2 Nb6 57.Bxg5 Nd7
58.Kc3 a5 59.Kd3 Nb8 60.Bd2 a4 61.bxa4 bxa4 62.Ke3 Kf7 63.Kf4 Kg6  1/2-1/2

[Event "URS-ch U26"]
[Site "Kherson"]
[Date "1991.??.??"]
[Round "?"]
[White "Komarov, Dimitri"]
[Black "Sorokin, Maxim"]
[Result "1/2-1/2"]
[WhiteElo "2475"]
[BlackElo "2500"]

1.Nf3 d5 2.g3 c6 3.c4 dxc4 4.Bg2 Nf6 5.O-O Nbd7 6.Na3 Nb6 7.Qc2 Qd5 8.b3 cxb3
9.axb3 Be6 10.Rb1 g6 11.Bb2 Bg7 12.Nd4 Qd7 13.Nxe6 Qxe6 14.e4 O-O 15.d4 Rad8
16.Rfe1 Ne8 17.Rbd1 Qc8 18.Nc4 Nc7 19.Ne5 Nd7 20.Bh3 e6 21.Nc4 Qb8 22.Ba3 Rfe8
23.Nd6 Nb5 24.Nxe8 Nxa3 25.Qc1 Bf8 26.d5 cxd5 27.exd5 Rxe8 28.dxe6 Nf6 29.Qb2 Kg7
30.Rd7 Re7 31.Rxe7 Bxe7 32.exf7 Qd8 33.Bf1 Qd6 34.b4 Qxb4 35.Qe2 Kxf7 36.Qe6+ Kf8
37.Rc1 Qd6 38.Qc8+ Ne8 39.Qxb7 Qb6 40.Qc8 Kf7 41.Rc6 Nd6 42.Qd7 Qd4 43.Ra6 Nc2
44.Rxa7 Qe5 45.Qg4  1/2-1/2

[Event "JUG-ch"]
[Site "Kladovo"]
[Date "1991.??.??"]
[Round "4"]
[White "Todorcevic, Miodrag"]
[Black "Tesic, Dragan"]
[Result "1-0"]
[WhiteElo "2480"]
[BlackElo "2265"]

1.Nf3 d5 2.g3 g6 3.Bg2 Bg7 4.c4 dxc4 5.Na3 Nf6 6.Nxc4 O-O 7.O-O c5 8.d4 Be6
9.Ne3 Nc6 10.dxc5 Qa5 11.Ng5 Bc8 12.Qc2 Nd7 13.Ne4 Nd4 14.Qd1 f5 15.Bd2 Qa6
16.Nc3 Nxc5 17.Ned5 Qd6 18.Bg5 Rf7 19.e3 Nce6 20.Bxe7 Rxe7 21.Nxe7+ Qxe7
22.exd4 Bxd4 23.Re1 Qc5 24.Re2 Bd7 25.Rc1 Rc8 26.Qb3 Kf7 27.Rce1 Re8 28.Bd5 Qd6
29.Nb5  1-0

[Event "JUG-ch"]
[Site "Kladovo"]
[Date "1991.??.??"]
[Round "6"]
[White "Nikolic, Boban"]
[Black "Sulava, Nenad"]
[Result "1/2-1/2"]
[WhiteElo "2285"]
[BlackElo "2405"]

1.Nf3 d5 2.g3 Nf6 3.Bg2 Bf5 4.c4 e6 5.O-O c6 6.b3 a5 7.Bb2 Nbd7 8.d3 a4 9.Nbd2 h6
10.cxd5 cxd5 11.bxa4 Be7 12.Nb3 O-O 13.a5 Bb4  1/2-1/2

[Event "JUG-ch"]
[Site "Kladovo"]
[Date "1991.??.??"]
[Round "9"]
[White "Ivkov, Borislav"]
[Black "Djukic, Zeljko"]
[Result "1-0"]
[WhiteElo "2485"]
[BlackElo "2420"]

1.Nf3 d5 2.g3 c6 3.Bg2 Bf5 4.d3 Nf6 5.Nbd2 h6 6.O-O e6 7.b3 Bc5 8.Bb2 O-O
9.Qe1 a5 10.a3 Nbd7 11.e4 Bh7 12.Kh1 b5 13.Nh4 Qb6 14.Qe2 b4 15.e5 bxa3 16.Bxa3 Ne8
17.Bb2 Nc7 18.f4 a4 19.Rab1 a3 20.Ba1 a2 21.Rbe1 Nb5 22.c3 Be7 23.Bh3 Bxh4
24.gxh4 Nc5 25.f5 exf5 26.Bxf5 Bxf5 27.Rxf5 Ne6 28.Rg1 Na3 29.d4 Nc2 30.Qh5 Nxa1
31.Rf6 Nf4 32.Rxf4 c5 33.Rf6  1-0

[Event "JUG-ch"]
[Site "Kladovo"]
[Date "1991.??.??"]
[Round "9"]
[White "Lazic, Miroljub"]
[Black "Raicevic, Vladimir"]
[Result "1-0"]
[WhiteElo "2400"]
[BlackElo "2440"]

1.Nf3 d5 2.g3 c5 3.Bg2 Nc6 4.O-O e5 5.d3 f6 6.e4 Nge7 7.Nc3 Be6 8.Nh4 d4
9.Ne2 g5 10.Nf5 Nxf5 11.exf5 Bd5 12.Bxd5 Qxd5 13.g4 h5 14.gxh5 Rxh5 15.Nf4 exf4
16.Qxh5+ Kd7 17.Qh7+ Be7 18.Re1 Rf8 19.Re4 Ne5 20.Kg2 Nf7 21.Bd2 Rh8 22.Qg7 Qxf5
23.Rxe7+ Kxe7 24.Re1+ Kd8 25.Qxf7 Qh3+ 26.Kg1 Qxh2+ 27.Kf1 Qh3+ 28.Ke2 Re8+
29.Kd1 Qf3+ 30.Kc1 Rxe1+ 31.Bxe1 Qc6 32.b4 b6 33.Qxa7 Qe6 34.Bd2 c4 35.dxc4 Qxc4
36.Qxb6+ Kd7 37.Qxf6 Qf1+ 38.Kb2 Qxf2 39.Bc1 d3 40.Qf5+ Ke7 41.Qxg5+ Ke6
42.Qg6+ Ke5 43.Qxd3 f3 44.Qc3+  1-0

[Event "JUG-ch"]
[Site "Kladovo"]
[Date "1991.??.??"]
[Round "12"]
[White "Sale, Srdjan"]
[Black "Laketic, Gojko"]
[Result "1/2-1/2"]
[WhiteElo "2365"]
[BlackElo "2415"]

1.Nf3 d5 2.g3 c6 3.Bg2 Bg4 4.O-O Nf6 5.b3 Bxf3 6.Bxf3 g6 7.Bb2 Bg7 8.Bg2 O-O
9.d4 Nbd7 10.Nd2 Re8 11.c4 e5 12.dxe5 Nxe5 13.Qc2  1/2-1/2

[Event "JUG-ch"]
[Site "Kladovo"]
[Date "1991.??.??"]
[Round "13"]
[White "Lazic, Miroljub"]
[Black "Dzevlan, Miralem"]
[Result "1-0"]
[WhiteElo "2400"]
[BlackElo "2405"]

1.Nf3 d5 2.g3 c6 3.Bg2 Bg4 4.O-O Nd7 5.d3 e6 6.Nbd2 Bd6 7.h3 Bh5 8.Qe1 Ne7
9.e4 O-O 10.Nh4 Qb8 11.f4 f5 12.exd5 exd5 13.Ndf3 Re8 14.Qf2 Bc5 15.Be3 Bxe3
16.Qxe3 Ng6 17.Qd4 Bxf3 18.Nxf5 Nf6 19.Bxf3 Qc7 20.Nh6+ Kf8 21.Ng4 Nxg4 22.Bxg4 Qd6
23.Rae1 b6 24.Kg2 Re7 25.Rxe7 Qxe7 26.Qc3 Qd6 27.Re1 d4 28.Qc4 b5 29.Re6 bxc4
30.Rxd6 Rb8 31.b3 cxd3 32.cxd3 c5 33.Rc6 Rb5 34.Rc8+ Kf7 35.Bh5 Kf6 36.Rc6+  1-0

[Event "JUG-ch"]
[Site "Kladovo"]
[Date "1991.??.??"]
[Round "13"]
[White "Sale, Srdjan"]
[Black "Kovacevic, Slobodan"]
[Result "1/2-1/2"]
[WhiteElo "2365"]
[BlackElo "2370"]

1.Nf3 d5 2.g3 Nf6 3.Bg2 Bf5 4.O-O e6 5.d3 c5 6.Nbd2 Nc6 7.Nh4 Bg4 8.h3 Bh5
9.g4 Nd7 10.Nhf3 Bg6 11.e4  1/2-1/2

[Event "Kobanya op"]
[Site "Kobanya"]
[Date "1991.??.??"]
[Round "4"]
[White "Utasi, Tamas"]
[Black "Landa, Konstantin"]
[Result "1/2-1/2"]
[WhiteElo "2345"]
[BlackElo "2460"]

1.Nf3 d5 2.g3 Nf6 3.Bg2 Bf5 4.d3 h6 5.c4 c6 6.Qb3 Qc8 7.Nc3 e6 8.Be3 Nbd7
9.cxd5 exd5 10.Rc1 Be7 11.O-O O-O 12.Nd4 Be6 13.Nxe6 fxe6 14.Bh3 Kf7 15.Bd4 Bc5
16.Bxf6 Nxf6 17.Nxd5 cxd5 18.d4 b6 19.dxc5 bxc5 20.Qe3 c4 21.b3 Qa6 22.bxc4 dxc4
23.Rfd1 Rfd8 24.Qe5 Nd5 25.Bg2 Qc6 26.Rd4 Rac8 27.Rg4 g5 28.h4 Qd6 29.Qxd6 Rxd6
30.Rgxc4 Rxc4 31.Rxc4 Ra6 32.hxg5 hxg5 33.e4 Ne7 34.a4 Kf6 35.Bf1 Ng6 36.Be2 Ra5
37.Bd1 Ne5 38.Rc7 Nd3 39.Bc2 Rc5 40.Rxc5 Nxc5 41.f4 gxf4 42.gxf4 e5 43.f5 a5
44.Kf2 Nb7 45.Kg3 Kg5 46.Kf3 Nd6 47.Bb3 Nb7  1/2-1/2

[Event "Kobanya op"]
[Site "Kobanya"]
[Date "1991.??.??"]
[Round "5"]
[White "Mate, Laszlo"]
[Black "Lengyel, Bela"]
[Result "1/2-1/2"]
[WhiteElo "2245"]
[BlackElo "2365"]

1.Nf3 d5 2.g3 Nf6 3.Bg2 Bf5 4.c4 e6 5.Qb3 Qc8 6.Nc3 c6 7.Nh4 Bg4 8.h3 Bh5
9.g4 Bg6 10.d4 Bd6 11.Nxg6 hxg6 12.e4 Nxe4 13.Bxe4 dxe4 14.Nxe4 Be7 15.Bf4 Nd7
16.O-O-O Nf6 17.Nxf6+ gxf6 18.h4 Qd7 19.h5 O-O-O 20.f3 gxh5 21.gxh5 e5 22.dxe5 Qf5
23.Qe3 Rxh5 24.Rxd8+ Bxd8 25.Rxh5 Qxh5 26.e6 Qh1+ 27.Kc2 Qh7+ 28.Kc3 fxe6
29.Qxe6+ Qd7  1/2-1/2

[Event "Kobanya op"]
[Site "Kobanya"]
[Date "1991.??.??"]
[Round "10"]
[White "Khasin, Alexander"]
[Black "Lengyel, Bela"]
[Result "1-0"]
[WhiteElo "2450"]
[BlackElo "2365"]

1.Nf3 d5 2.g3 c6 3.Bg2 Bf5 4.O-O Nf6 5.d3 e6 6.c4 Nbd7 7.Nc3 h6 8.Be3 Be7
9.cxd5 cxd5 10.Qb3 O-O 11.Qxb7 Rb8 12.Qxa7 e5 13.d4 e4 14.Ne5 Qc8 15.Qa5 Qb7
16.Rfc1 Rfc8 17.Qa4 Nb6 18.Qb3 Qa6 19.Qd1 Ne8 20.h3 f6 21.Ng4 h5 22.Nh2 Nd6
23.b3 Be6 24.Bd2 g5 25.a4 Nd7 26.Nf1 Qb6 27.Ne3 Qxd4 28.Be1 Qxd1 29.Rxd1 Rxb3
30.Nexd5 Bf8 31.Nxe4 Nxe4 32.Bxe4 f5 33.Bg2 Kf7 34.a5 Bg7 35.Rac1 Rxc1 36.Rxc1 Ra3
37.Nc7 Bb2 38.Rb1 Be5 39.Nxe6 Kxe6 40.Bb7 f4 41.gxf4 gxf4 42.Bc8 Bc3 43.Bxc3 Rxc3
44.Bxd7+ Kxd7 45.Ra1 Kc7 46.a6 Kb8 47.Kg2  1-0